=LDR 00000nam 2200000 4500 =001 INLIS000000000032877 =005 20200907091948 =035 ##$$a 0010-061300000032877 =008 200907################g##########0#ind## =041 ##$$a Ind =082 ##$$a 302.222 =090 ##$$a 302.222, Abu t =100 1#$$a Abul, Id Athif =245 1#$$a The art of body language, /$c Athif Abul Id =260 ##$$a Jakarta :$b Khalifa,$c 2009 =300 ##$$a xxii, 138 hlm, ; $c 12x17 cm =650 #4$$a Bahasa Tubuh =850 ##$$a NBPNMAT =020 ##$$a 978-979-1164-17-7 =084 ##$$a 302.222 ABU t =250 ##$$a cet. 1 =990 ##$$a 21001792 =990 ##$$a 21001789 =990 ##$$a 21001789 =990 ##$$a 21001792